Canciones de Taylor swift con mayor número de reproducciones en un día - Estadísticas

Estadísticas generales
  • Esta prueba ha sido intentada 32 veces
  • La puntuación promedio es 22 de 42
Estadísticas de respuestas
reproducciones Álbum Respuesta % Correcto
30.987.370 The Life of a Showgirl The fate of Ophelia
93%
23.716.087 The Life of a Showgirl Opalite
86%
18.734.428 The Life of a Showgirl The Life of a Showgirl (feat. Sabrina Carpenter)
86%
17.390.253 Midnights Anti-Hero
76%
25.204.472 The Tortured Poets Department Fortnight (feat. Post Malone)
76%
23.974.787 The Life of a Showgirl Elizabeth Taylor
72%
19.016.766 The Life of a Showgirl wood
72%
18.804.814 The Life of a Showgirl Wi$h Li$t
69%
18.835.270 The Life of a Showgirl CANCELLED!
66%
16.419.161 Midnights Lavender Haze
66%
21.802.376 The Life of a Showgirl Father Figure
62%
19.089.937 The Tortured Poets Department The Tortured Poets Department
62%
19.391.100 The Life of a Showgirl Actually romantic
59%
10.776.931 Midnights Karma
59%
10.359.947 1989 (Taylor's Version) Blank Space (Taylor's Version)
55%
17.431.926 The Tortured Poets Department Down Bad
55%
15.995.465 The Life of a Showgirl Honey
55%
12.080.644 The Tortured Poets Department loml
55%
14.422.463 Midnights Maroon
55%
12.578.139 Midnights Midnight Rain
55%
18.756.365 The Life of a Showgirl Ruin The Friendship
55%
17.176.465 The Tortured Poets Department So Long, London
55%
19.963.843 The Life of a Showgirl Eldest Daughter
52%
10.815.874 The Tortured Poets Department The Smallest Man Who Ever Lived
52%
14.459.975 The Tortured Poets Department Florida!!! (feat. Florence + The Machine)
48%
12.651.611 The Tortured Poets Department Guilty as Sin?
48%
11.672.576 1989 (Taylor's Version) Style (Taylor's Version)
45%
12.966.995 The Tortured Poets Department Who’s Afraid of Little Old Me?
45%
12.842.734 Midnights You're On Your Own, Kid
45%
15.542.560 The Tortured Poets Department But Daddy I Love Him
41%
10.483.302 Midnights Bejeweled
38%
12.758.182 The Tortured Poets Department Fresh Out The Slammer
38%
13.650.325 The Tortured Poets Department I Can Do It With a Broken Heart
38%
17.101.904 The Tortured Poets Department My Boy Only Breaks His Favourite Toys
34%
10.332.466 1989 (Taylor's Version) Say Don't Go (Taylor's Version) (From The Vault)
34%
15.030.183 Midnights Snow On The Beach (feat. Lana Del Rey)
34%
10.637.831 The Tortured Poets Department The Alchemy
34%
11.307.621 1989 (Taylor's Version) "Slut!" (Taylor's Version) (From The Vault)
31%
11.875.754 Midnights Vigilante Shit
31%
11.127.606 The Tortured Poets Department I Can Fix Him (No Really I Can)
28%
11.563.475 Midnights Question...?
24%
10.029.659 1989 (Taylor's Version) Is It Over Now? (Taylor's Version) (From The Vault)
3%
No se encontraron pruebas coincidentes
Distribución de puntuación
Porcentaje de gente con cada puntuación
Porcentaje por número respondido
Historial de tus puntuaciones
No has intentado esta prueba.